Responses for Jeopardy! Masters game #3 - Tuesday, May 9, 2023

2023 Jeopardy! Masters quarterfinal game 3.

Contestants

[<< previous game]

Mattea Roach, a writer and podcaster from Toronto, Ontario, Canada

Amy Schneider, a writer from Oakland, California

Sam Buttrey, an associate professor at the Naval Postgraduate School from Pacific Grove, California

[next game >>]

Jeopardy! Round responses

PLAY: THE GAME
(Ken: You'll give us the title of the play in each case.)
UNUSUAL MUSEUMS
TIME TO LAWYER UP
TV
1920s SCIENCE
ALL "IN"
(Ken: And... oh, it's a pity James isn't with us this game. The final category [*]. "I-N" will begin each correct response.)
    200 28
[Sportswriter was hyphenated across lines in the clue as displayed.]

The Odd Couple

Sam
    200 23
a dog collar

Sam
    200 26
[Mattea supplied the first part of the response only at first, then supplied the second part while Ken was ruling them correct after thinking about it for a brief second.]
(Ken: You didn't--you didn't need to go to law school, Mattea. You're doing great.)
(Mattea: Yeah, it's great.)

contempt (of court)

Mattea
    200 30
(Ken: He would want to buy the world a [*], that's correct.)

Coke

Amy
    200 21
Velociraptor

Sam
    200 19
interceptions

Mattea
    400 27
Rosencrantz and Guildenstern Are Dead

Mattea
    400 22
bobbleheads

Sam
    400 25
standing

Sam
    400 29
the Upside Down

Mattea
    400 18
(Mattea: What's microscope?)
(Sam: What is a scale? Balance?)

seismometer

SamMattea
Triple Stumper
    400 16
interim

Sam
    600 8
The Crucible

Mattea
    600 5
Museum of Neon

Sam
    600 24
(Sam: Who is Klink?)
(Ken: No. Amy or Mattea?)
(Mattea: [Without ringing in, indicating Sam's response] That's the one Hogan's Heroes character I know.)
(Ken: [Laughs] His subordinate, [*], is the one who hears, knows, remembers nothing. Back to you, Sam.)
(Sam: You're--you're right, Ken, that's correct.)
[Laughter]
(Ken: Glad I could help.)

Sergeant Schultz

Sam
Triple Stumper
    600 7
(Ken: Yeah, come-from-behind win by [*].)

Bran

Amy
    600 17
(Linus) Pauling

Mattea
    600 15
injunction

Mattea
    800 9
The Iceman Cometh (by Eugene O'Neill)

Triple Stumper
    800 3
(Mattea: What's Ishin?)

Nissin

Mattea
Triple Stumper
    800 20
non compos mentis

Sam
    800 6
(Mattea: What's Medium?)

The Mentalist

AmyMattea
    800 1
(Ken: Now, at this point in Jeopardy! Masters, we're going to reveal for the home viewers where the Daily Double in the round is hidden. If you don't want to know, look away now.
[Beep boop] There it is.)

forecasting the weather

Sam
    800 14
intransitive

Mattea
    2,400 11
Inherit the Wind

Amy
    1000 4
Zagreb

Mattea
    1000 10
Gideon

Amy
    1000 12
Jason Momoa

Triple Stumper
    1000 2
spin

Sam
    1000 13
intaglio

Amy

Scores at the end of the Jeopardy! Round:

Sam Amy Mattea
4,000 6,000 2,800

Double Jeopardy! Round responses

THE MAP OF EUROPE
EDITORS
COLONIAL AMERICA
____ OF THE ____
BIBLICAL PLACES
DIANE WARREN
(Diane Warren: I'm songwriter Diane Warren with clues about some of the more than 30 Billboard Top 10 hits that I wrote.)
    400 25
Kosovo

Sam
    400 23
Vanity Fair

Amy
    400 28
indigo

Amy
    400 27
hair of the dog

Mattea
    400 30
the Sea of Galilee

Sam
    400 20
Aerosmith

Amy
    800 10
the Bavarian Alps

Amy
    800 22
The Boston Globe

Mattea
    800 24
Jamestown

Sam
    800 26
Battle of the Sexes

Sam
    800 29
(Ken: Yes. You pull into the lead.)
(Sam: Um, Ken, I know you're busy, but if you have a second, could you please bring it?)
(Ken: "Wouldst thou bring it?")

Arimathea

Sam
    800 19
(Diane: [After singing the lyric bit of the clue] I didn't sing it, either. [Shrugs])
[Laughter]

Milli Vanilli

Mattea
    4,400 2
(Ken: Correct, between France and Spain. You have the lead.)

Andorra

Mattea
    1200 21
Caro

Mattea
    1200 6
(Phillis) Wheatley

Sam
    1200 5
(Amy: What is... milk and honey?)
(Ken: No, I'm sorry.)
(Amy: Oh, no. Yeah.)

the fat of the land

Amy
Triple Stumper
    1200 15
Nod

Amy
    1200 18
"If I Could Turn Back Time"

Mattea
    1600 1
(Ken: And as you'll recall, audience, in Jeopardy! Masters we're showing the home viewers where the Daily Doubles are. Let's take a look right now. [Beep boop] There we go.)

Cork

Mattea
    1600 12
Plimpton

Amy
    1600 7
the Wampanoag Nation

Triple Stumper
    1600 4
"Master Of The House" (from Les Mis)

Mattea
    1600 14
Nineveh

Mattea
    1600 17
(Amy: What is [*]?--"Without"--)
(Ken: [Overlapping] Yes.)
(Amy: Okay.)
(Ken: You had to wait for her to play a bit of it.)

"How Do I Live"

Amy
    2000 9
the Don

Triple Stumper
    2000 11
the Salk Institute

Triple Stumper
    7,200 8
(Sam: Let's bet it all.)
(Ken: That's what everybody's doin'.)

the Great Awakening

Sam
    2000 3
the power of the purse

Sam
    2000 13
Patmos

Triple Stumper
    2000 16
(Ken: It's been a minute. [*] the name of that movie.)

Up Close & Personal

Triple Stumper

Scores at the end of the Double Jeopardy! Round:

Sam Amy Mattea
17,600 11,200 16,400

[wagering suggestions for these scores]

Final Jeopardy! Round responses

21st CENTURY AUTHORS
(Ken: [To Amy] That's how The Girl with the Dragon Tattoo begins.)
AmyWho is Larsson?
6,500
MatteaWho is Stieg Larsson?
6,001
SamWho is Johannson Stiegler
15,201
Stieg Larsson

Final scores:

Sam Amy Mattea
2,399 17,700 22,401
3rd place: 1 match point 2nd place: 2 match points Winner: 3 match points

Game dynamics:

Coryat scores:

Sam Amy Mattea
12,400 9,800 13,200
18 R
(including 1 DD),
2 W
13 R
(including 1 DD),
1 W
18 R
(including 1 DD),
3 W

Combined Coryat: 35,400

[game clues] [game scores] [suggest correction]

Game tape date: 2023-03-14
The J! Archive is created by fans, for fans. Scraping, republication, monetization, and malicious use prohibited; this site may use cookies and collect identifying information. See terms. The Jeopardy! game show and all elements thereof, including but not limited to copyright and trademark thereto, are the property of Jeopardy Productions, Inc. and are protected under law. This website is not affiliated with, sponsored by, or operated by Jeopardy Productions, Inc. Join the discussion at JBoard.tv.